Одно чудесное пари: роман

Bibliographische Detailangaben
1. Verfasser: Рой О. Олег
Zusammenfassung:Прекрасной Маргарите во что бы то ни стало нужно вернуть былое расположение отца. Ради этого она соглашается на пари — полгода проработать на стройке по своей специальности «дизайн жилых помещений». Но московская стройка — это не лондонское дизайн-бюро! И первое столкновение с прорабом выбивает почву из-под ног капризной красотки. «Бежать отсюда!» — главная мысль Маргариты. «Беги отсюда!» — главное пожелание строителей. Но обещание отцу дано, и как-то совсем не хочется в который раз убеждать родителя в своей абсолютной жизненной непригодности!
Sprache:Russisch
Veröffentlicht: Москва, Эксмо, 2014
Schriftenreihe:Капризы судьбы. Романы О. Роя
Schlagworte:
Format: Buch
KOHA link:https://koha.lib.tpu.ru/cgi-bin/koha/opac-detail.pl?biblionumber=262653

MARC

LEADER 00000nam0a2200000 4500
001 262653
005 20231101233655.0
010 |a 9785699701780 
035 |a (RuTPU)RU\TPU\book\285636 
035 |a RU\TPU\book\265864 
090 |a 262653 
100 |a 20140603d2014 m y0rusy50 ca 
101 0 |a rus 
102 |a RU 
105 |a y z 000ay 
200 1 |a Одно чудесное пари  |e роман  |f О. Рой 
210 |a Москва  |c Эксмо  |d 2014 
215 |a 347 с. 
225 1 |a Капризы судьбы. Романы О. Роя 
330 |a Прекрасной Маргарите во что бы то ни стало нужно вернуть былое расположение отца. Ради этого она соглашается на пари — полгода проработать на стройке по своей специальности «дизайн жилых помещений». Но московская стройка — это не лондонское дизайн-бюро! И первое столкновение с прорабом выбивает почву из-под ног капризной красотки. «Бежать отсюда!» — главная мысль Маргариты. «Беги отсюда!» — главное пожелание строителей. Но обещание отцу дано, и как-то совсем не хочется в который раз убеждать родителя в своей абсолютной жизненной непригодности! 
606 1 |a Русская литература современная  |2 stltpush  |3 (RuTPU)RU\TPU\subj\26373  |9 50316 
610 1 |a русская литература 
610 1 |a романы 
610 1 |a любовь 
675 |a Р2  |v 3 
700 1 |a Рой  |b О.  |g Олег 
801 1 |a RU  |b 63413507  |c 20131023 
801 2 |a RU  |b 63413507  |c 20140604  |g RCR 
942 |c BK